000 00392nam a22001577a 4500
003 OSt
005 20211112150052.0
008 211112b |||||||| |||| 00| 0 eng d
040 _cHawassa University
050 _a641.3/COT
_b1
082 _a641.3/COT
_b1
100 _aPatricia,Cote
_918149
245 _aPeople,Food,and Science
260 _bGinn and Company
_c1968
942 _2ddc
_cBOOKS
_n0
999 _c17994
_d17994